Örökös Tag elismerés a Matesz még élő alapítóinak tizenkétmilliós beruházással megújul a nézőtér, a színpadtechnika, és klíma is kerül a színházba

Bibliographic Details
Main Author: Krasznica, Melitta V. (Author)
Format: Article
Language:Hungarian
PhysicalDescription:Fotogr.
ISSN:1335-7050
Subjects:

MARC

LEADER 00000nab a2200000 ar4500
001 vtls009312609
003 SK-MaSNL
005 20260318132824.0
008 080716c20080630xo |||||||| 000 b|hun
015 |a SNBRB2008/07  |2 snkbucl 
038 |a SNKBUCL 
040 |a DSZK  |b slo  |c DSZK  |e AACR2 
041 0 |a hun 
044 |a xo  |c SK 
080 |a 792  |x (=511.141)  |x (437.6)  |2 1997 
080 |a 792.071.2  |2 1997 
080 |a 792:06.068  |x (=511.141)  |x (437.6)  |2 1997 
100 1 |a Krasznica, Melitta V.  |4 aut  |9 844987 
245 1 0 |a Örökös Tag elismerés a Matesz még élő alapítóinak  |b tizenkétmilliós beruházással megújul a nézőtér, a színpadtechnika, és klíma is kerül a színházba  |c V. Krasznica Melitta 
300 |b Fotogr. 
600 1 7 |a Ferenczy, Anna,  |d 1933-  |2 snkbucl  |9 207193 
600 1 7 |a Lőrincz, Margit,  |d 1933-  |2 snkbucl  |9 135040 
600 1 7 |a Bugár, Béla,  |d 1931-2011  |2 snkbucl  |9 140140 
600 1 7 |a Turner, Zsigmond,  |d 1925-2010  |2 snkbucl  |9 906486 
600 1 7 |a Konrád, József,  |d 1921-2010  |2 snkbucl  |9 260419 
600 1 7 |a Szvrcsek, Anita,  |d 1978-  |x Cena Anny Ferenczy  |y 2008  |2 snkbucl  |9 1225393 
610 2 7 |a Jókaiho divadlo v Komárne - Komáromi Jókai Színház  |2 snkbucl  |9 32950 
648 7 |a 2008  |2 snkbucl  |9 317238 
650 0 7 |a divadelné ceny  |2 snkbucl  |9 848622 
650 0 7 |a Večné členstvo (ocenenie)  |2 snkbucl  |9 1225394 
650 0 7 |a Cena Anny Ferenczyovej  |y 2008  |2 snkbucl  |9 1225395 
773 0 |t Új szó  |g Évf. 61, sz. 151 (30.6.2008), o. 6  |x 1335-7050 
852 |a SNK  |b KIS3GCP 
852 |a DSZK  |b KIS3GCP 
957 |a Komárno (Slovensko) 
958 |a HU 
958 |a SK 
999 |c 2154129  |d 2156059